[Event "LSS ZH-2009-0-00282"]
[Site "LSS email"]
[Date "2009.05.14"]
[Round "?"]
[White "Isaacson, David"]
[Black "Isaacson, Leon"]
[Result "1/2-1/2"]
[WhiteElo "2131"]
[BlackElo "800"]
[PlyCount "53"]
[EventDate "2009.05.09"]
[EventType "match (corr)"]
[EventRounds "2"]
[EventCountry "GER"]
[SourceTitle "Corr 2011"]
[Source "ChessBase"]
[SourceDate "2010.08.31"]
[SourceVersion "1"]
[SourceVersionDate "2010.08.31"]
[SourceQuality "1"]

1. b4 e5 2. Bb2 Nf6 3. a3 d6 4. e3 Be7 5. Nf3 0-0 6. Be2 b6 7. 0-0 Bb7 8. d3 Nbd7 9. Nbd2 a5 10. c4 axb4 11. axb4 Rxa1 12. Bxa1 c6 13. Qb3 Qc7 14. Rc1 Ra8 15. Bb2 h6 16. h3 c5 17. d4 Ne4 18. d5 Nxd2 19. Nxd2 cxb4 20. Qxb4 f5 21. e4 fxe4 22. Nxe4 Nc5 23. Nxc5 Qxc5 24. Qxc5 bxc5 25. Ra1 Rxa1+ 26. Bxa1 Bc8 27. Bc3 1/2-1/2

[Event "LSS OP-2009-0-00846"]
[Site "LSS email"]
[Date "2009.05.14"]
[Round "?"]
[White "Isaacson, David"]
[Black "Marculescu, Gheorghe"]
[Result "0-1"]
[WhiteElo "2122"]
[BlackElo "1758"]
[PlyCount "86"]
[EventDate "2009.05.10"]
[EventType "tourn (corr)"]
[EventRounds "4"]
[EventCountry "GER"]
[SourceTitle "Corr 2011"]
[Source "ChessBase"]
[SourceDate "2010.08.31"]
[SourceVersion "1"]
[SourceVersionDate "2010.08.31"]
[SourceQuality "1"]

1. e4 e5 2. Nf3 Nc6 3. Bb5 Nf6 4. 0-0 Nxe4 5. d4 Be7 6. Qe2 Nd6 7. Bxc6 bxc6 8. dxe5 Nb7 9. Nc3 0-0 10. Re1 Nc5 11. Be3 Ba6 12. Qd2 Ne6 13. Rad1 d5 14. exd6 cxd6 15. Ne2 Qc7 16. Ned4 Rfe8 17. b3 Nxd4 18. Nxd4 d5 19. Bf4 Qd7 20. Nf3 Qb7 21. Qe3 c5 22. c3 Bb5 23. Ne5 f6 24. Ng4 Kh8 25. Qg3 Bf8 26. Ne3 Rad8 27. Nf5 Qd7 28. Rxe8 Qxe8 29. h3 Qe2 30. Rd2 Qe4 31. Ne3 d4 32. Nc2 g5 33. Bc7 Rd7 34. c4 Bc6 35. f3 Qe8 36. Ba5 d3 37. Ne1 Bd6 38. Qf2 Bf4 39. Kh1 Be3 40. Qg3 Bxd2 41. Bxd2 Qe2 42. Bc3 d2 43. Bxf6+ Rg7 0-1